01477nam a2200301 u 450000100100000000500170001000800410002702000180006804100080008604300120009408200160010610000180012224500720014025000120021226000470022430000480027150000440031952003260036365000360068965000410072565000360076665000280080265000240083070000300085499900150088495201320089995201440103100005166220200120222702.0110923s2011 sp a br 000 p spa d a97884924128150 aspa ae-sp---04aPbGORh2211 aGorey, Edward13aEl huésped dudoso /cEdward Gorey ; traducción : Marcial Souto. a1a. ed. aBarcelona :bLibros del Zorro Rojo,c2011. a[32] p. :bilustraciones en blanco y negro. aTítulo original : The doubtful guest. a"Hay que ser muy educado para soportar a ciertos huéspedes, sobre todo si nos rompen los libros, nos muerden los platos y no nos prestan atención. Sobre todo si se instalan en nuestra casa y se niegan a marcharse. Cuando en alguna furiosa noche de invierno oiga sonar el timbre, no acuda a la puerta y apague la luz".14aAnimales en la literatura2LEMB24aLibros ilustrados para niños2LEMB24aLiteratura estadounidense2LEMB24aPoesía infantil2LEMB24aLiteratura infantil1 aSouto, Marcialetraductor c3420d3420 00102ddc40708LIaBPMOSbBPMOSd2020-01-20i113134l0oP GORhpMOS006773r2020-01-20tej.1w2020-01-20yBKLITzQuince días 00102ddc40708LIaBPMOSbBPMOSd2020-01-20i113318l1oP GORhpMOS006774r2024-07-03s2021-09-14tej.2w2020-01-20yBKLITzQuince días